000 01270agaaa2200301 4500
001 5300
003 IT-RoPAU
005 20220918181243.0
007 d cvaizq
008 50131s9999||||xx ||| | || ||und||
040 _aIT-RoPAU
_cIT-RoPAU
041 _aITALIANO
100 _aTarkovskij Andrej
_gCodice regista SPICS: 1652
_946225
130 _aANDREI ROUBLEV
_946226
245 _aANDREI ROUBLEV
_cProdotto da: Mosfilm Diretto da: Tarkovskij Andrej
_pANDREI ROUBLEV (Rif. Codice opera principale : A5300)
250 _aEdizione Standard
260 _a(URSS)
_bMOSFILM /
_g"1969 (1° ed.: 1991 ; Ed. Lingua Orig.: 1969)"
300 _aVHS
_bsonoro, col.
_c140 minuti
508 _a"Fotografia: Jusov Vadim; Montaggio: Fejghinova Egoryceva; Musica: Ovcinnikov Viaceslav; Scenografia: Cernjaev E.; "
511 _a"Solonicyn Anatolij; Lapikov Ivan; Grinko Nikolaj; Sergheev Nikolaj; Raus Irma"
520 _aVEDI ANCHE 9960/76450 9960/79208 9960/79207
538 _aPAL, STEREO
546 _aITALIANO
650 _aDRAMMATICO
_eFILMS [VHS]
_xCodice MATERIA SPICS: 9960
_934083
700 _aOvcinnikov Viaceslav
_e(musica)
_gCodice Musica SPICS: 26929
_946227
700 _aTarkovskij Andrej
_e(regista)
_gCodice regista SPICS: 1652
_946228
942 _cVH
_2ddc
999 _c106316
_d106316